| 000 | 00759nam a2200217 a 4500 | ||
|---|---|---|---|
| 001 | 2005092 | ||
| 003 | AM-YEHGA | ||
| 005 | 20260330085113.0 | ||
| 008 | 241218s2024 ai c|||gr|||||000|p|arm|d | ||
| 020 | _a978-9939-0-4964-9 | ||
| 040 | _aAM-YEHGA | ||
| 041 | 0 | _aarm | |
| 044 | _aai | ||
| 100 | 1 | _aՊալյան, Թադևոս | |
| 245 | 1 | 0 |
_aՀոգու մորմոքներ : _b[Բանաստեղծություններ] / _cԹ. Պալյան ; [Խմբագիր՝ Ա. Ափինյան]. |
| 260 |
_aԵրևան : _bՀամահայկական գրողների միության հրատ., _c2024. |
||
| 300 |
_a175 էջ ։ _bդիմանկար, _c21 սմ. |
||
| 650 | 1 | 4 | _aՀայ պոեզիա |
| 700 | 1 |
_aԱփինյան, Աբգար _eխմբ. _4edt _92331 |
|
| 942 |
_2udc _cBK |
||
| 999 |
_c540935 _d540935 |
||